000 01275nac a22003371i 4500
003 EG-ScBUE
005 20250525115924.0
008 160926t1970 nyua f 001 0 eng d
020 _a0070406634
020 _a9780070406636
040 _aEG-ScBUE
_beng
_erda
_cEG-ScBUE
_dEG-ScBUE
082 0 4 _a531.0202
_bMAS
_222
100 1 _aMase, George E.,
_eauthor.
245 1 0 _aSchaum’s outline of theory and problems of continuum mechanics /
_cby George E. Mase, Ph.D, professor of mechanics, Michigan State University.
246 3 0 _aContinuum mechanics
246 3 0 _aTheory and problems of continuum mechanics
264 1 _aNew York :
_bMcGraw-Hill,
_c[1970]
264 4 _cc1970
300 _a221 pages :
_billustrations ;
_c28 cm.
336 _2rdacontent
_atext
_btxt
337 _aunmediated
_2rdamedia
_bn
338 _avolume
_bnc
_2rdacarrier
490 0 _aSchaum's outline series
500 _aIncludes index.
650 7 _aContinuum mechanics
_xOutlines, syllabi, etc.
_2BUEsh
655 _vReading book
740 _aTheory and problems of continuum mechanics.
856 4 2 _3Publisher description
_uhttp://www.loc.gov/catdir/description/mh021/73124139.html
856 4 2 _3Table of contents
_uhttp://www.loc.gov/catdir/toc/mh021/73124139.html
942 _cBB
_2ddc
999 _c5683
_d5683